North American countries that have won medals at olympic Games 2024 - Statistics

General Stats
  • This quiz has been taken 29 times
  • The average score is 10 of 12
Answer Stats
North America /World rank Country Gold Silver Bronze % Correct
2 (12) Canada 9 7 11
100%
3 (32) Cuba 2 1 6
100%
1 (1) United States 40 44 42
100%
4 (44) Jamaica 1 3 2
95%
9 (65) Mexico 0 3 2
95%
8 (62) Dominica 1 0 0
89%
6 (59) Dominican Republic 1 0 2
89%
10 (74) Panama 0 1 0
89%
7 (60) Guatemala 1 0 1
84%
11/12 (80-81) Grenada 0 0 2
68%
5 (55) St Lucia 1 1 0
63%
11/12 (80-81) Puerto Rico 0 0 2
47%
No matching quizzes found
Score Distribution
Percent of People with Each Score
Percentile by Number Answered
Your Score History
You have not taken this quiz